Longest Population Density Increasing Country Chain - Statistics

General Stats
  • This quiz has been taken 74 times
  • The average score is 12 of 15
Answer Stats
Kazakhstan/Mongolia % Correct
Russia
100%
Belarus
83%
Estonia
83%
Latvia
83%
Lithuania
83%
Romania
83%
Ukraine
83%
Serbia
81%
Hungary
79%
Poland
78%
Slovakia
76%
Czech Republic
75%
Belgium
73%
Germany
73%
Netherlands
73%
No matching quizzes found
Score Distribution
Percent of People with Each Score
Percentile by Number Answered
Your Score History
You have not taken this quiz